Asistenčné technológie založené na sledovaní pohľadu

Uložené v:
Podrobná bibliografia
Hlavný autor: Rapčan, Martin (Autor)
Ďalší autori: Vincúr, Juraj (Vedúci práce)
Médium: Rukopis Kniha
Jazyk:Slovak
Vydavateľské údaje: 2025
Predmet:
On-line prístup:http://is.stuba.sk/zp/portal_zp.pl?podrobnosti=184062
Tagy: Pridať tag
Žiadne tagy, Buďte prvý, kto otaguje tento záznam!

MARC

LEADER 00000ntm a22000003a 4500
001 stuzp105797
003 SK-STU
005 20250607211636.5
007 ta
008 150427s2015----xo-----f-mn---000-0-slo-d
040 |a STU  |b slo 
041 0 |a slo 
100 1 |a Rapčan, Martin  |u 070200  |k Z4  |4 aut  |U FIIT Fakulta informatiky a informačných technológií  |T FIIT Ústav informatiky, informačných systémov a softvérového inžinierstva  |X 110882  |U I200  |Y 179  |7 110882 
242 0 1 |a Assistive technologies based on eye tracking  |y eng 
245 1 0 |a Asistenčné technológie založené na sledovaní pohľadu 
260 |c 2025 
650 4 |a simulator  |2 eng 
650 4 |a virtual reality  |2 eng 
650 4 |a eye tracking  |2 eng 
650 4 |a wheelchair  |2 eng 
650 4 |a assistive technologies  |2 eng 
650 4 |a asistenčné technológie  |2 slo 
650 4 |a sledovanie pohľadu  |2 slo 
650 4 |a invalidný vozík  |2 slo 
650 4 |a simulátor  |2 slo 
650 4 |a virtuálna realita  |2 slo 
700 1 |a Vincúr, Juraj  |u 070200  |k Z1  |4 ths  |U FIIT Fakulta informatiky a informačných technológií  |T FIIT Ústav informatiky, informačných systémov a softvérového inžinierstva  |X 5783  |U I200  |Y 179  |7 A000005783 
856 4 |u http://is.stuba.sk/zp/portal_zp.pl?podrobnosti=184062